| 000 | 00811 a2200217 4500 | ||
|---|---|---|---|
| 001 | 55529 | ||
| 005 | 20260407155829.0 | ||
| 008 | 260407a1981 arg spa d | ||
| 003 | AR-UNSa-BCEJYS | ||
| 040 |
_aAR-UNSa-BCEJYS _bspa _cAR-UNSa-BCEJYS |
||
| 080 |
_a001 _xCiencia y conocimiento en general. Organización del trabajo intelectual |
||
| 245 | 1 | 0 |
_aLa cienca _psu método y su filosofía |
| 020 | _a950-516-071-4 | ||
| 264 | 1 |
_aBuenos Aires : _bEdiciones Siglo Veinte _c1981 |
|
| 300 |
_a110 p. _c19 cm. |
||
| 505 | _a1. ¿Qué es la ciencia? - 2. ¿Cuál es el método de la ciencia? - 3. ¿Qué significa "Ley científica? - 4. Filosofar científicamente y encarar la ciencia filosóficamente | ||
| 041 | _aspa | ||
| 942 | _cBK | ||
| 590 | _aniveau_biblio:m niveau_hierar:0 | ||
| 100 | 1 | _aBunge, Mario | |
| 999 |
_c5958 _d5958 |
||